=LDR 00000nam 2200000 4500 =001 INLIS000000000029156 =005 20130612131419 =008 ***********************************Ind** =035 ##$$0010-061300000029156 =041 ##$$a Ind =082 ##$$a 616.891 =090 ##$$a 616.891, Hen p =100 ##$$a Hendrawan, Tubagus Arief =245 ##$$a Pelatihan mengembangkan potensi diri psychotronica inner power management = the secret of inner power, Tubagus arief Hendrawan =260 ##$$a 2007 $b jakarta =300 ##$$a 267 hlm, ilus, 21 cm =650 ##$$a Psikoterapi =850 ##$$a NBPNMAT